[Event "Ceske Budejovice op-A"]
[Site "Ceske Budejovice"]
[Date "2022.07.09"]
[Round "9"]
[White "Koc, Azra Ece"]
[Black "Nejdl, Eduard"]
[Result "1/2-1/2"]
[WhiteElo "1867"]
[BlackElo "1951"]
[PlyCount "40"]
[EventDate "2022.07.01"]
[EventType "swiss"]
[EventRounds "9"]
[EventCountry "CZE"]
[SourceTitle "CBM 209 Extra"]
[Source "ChessBase"]
[SourceDate "2022.09.30"]
[SourceVersion "1"]
[SourceVersionDate "2022.09.30"]
[SourceQuality "1"]

1. e4 e5 2. Nf3 Nc6 3. Nc3 Nf6 4. Bb5 Bd6 5. a3 Qe7 6. Bc4 Nd4 7. b4 c6 8. d3 b5 9. Bb3 Nxb3 10. cxb3 a5 11. bxa5 Rxa5 12. a4 bxa4 13. Rxa4 Rxa4 14. bxa4 0-0 15. 0-0 Ba6 16. Re1 Bb4 17. Qc2 Qc5 18. Bb2 d6 19. Rd1 d5 20. Rc1 Re8 1/2-1/2

[Event "Ceske Budejovice op-A"]
[Site "Ceske Budejovice"]
[Date "2022.07.07"]
[Round "7"]
[White "Rosol, Alexander"]
[Black "Koc, Azra Ece"]
[Result "1-0"]
[WhiteElo "2001"]
[BlackElo "1867"]
[PlyCount "83"]
[EventDate "2022.07.01"]
[EventType "swiss"]
[EventRounds "9"]
[EventCountry "CZE"]
[SourceTitle "CBM 209 Extra"]
[Source "ChessBase"]
[SourceDate "2022.09.30"]
[SourceVersion "1"]
[SourceVersionDate "2022.09.30"]
[SourceQuality "1"]

1. e4 c6 2. d3 d6 3. Nf3 e5 4. g3 g6 5. Bg2 Bg7 6. 0-0 Ne7 7. Be3 Na6 8. Qd2 h6 9. c3 Bd7 10. Ne1 Qc8 11. f4 Bh3 12. Bxh3 Qxh3 13. fxe5 dxe5 14. Bxa7 0-0 15. Be3 f5 16. Qg2 Qxg2+ 17. Kxg2 g5 18. exf5 Rxf5 19. Rxf5 Nxf5 20. Bf2 Nc7 21. Nd2 Nd5 22. Nc2 b5 23. a3 Rd8 24. Ne4 Nf6 25. Nc5 Ng4 26. Rd1 Kf7 27. Bg1 Rd5 28. Rf1 Kg6 29. h3 Nf6 30. Rxf5 Kxf5 31. Ne3+ Kg6 32. Nxd5 Nxd5 33. Kf3 h5 34. Ne6 Bf6 35. c4 Ne7 36. Ke4 Kf7 37. Nc7 Nc8 38. Bc5 Bd8 39. Na6 Ke6 40. Bf8 Be7 41. Bxe7 Nxe7 42. cxb5 1-0

[Event "Wch FIDE Online U16 Girls Europe qual"]
[Site "Tornelo INT"]
[Date "2020.12.08"]
[Round "5"]
[White "Petkova, Irina"]
[Black "Koc, Azra Ece"]
[Result "0-1"]
[WhiteElo "1233"]
[BlackElo "1734"]
[PlyCount "90"]
[EventDate "2020.12.07"]
[EventType "swiss (rapid)"]
[EventRounds "7"]
[EventCountry "ISS"]
[SourceTitle "EXT 2022"]
[Source "ChessBase"]
[SourceDate "2021.10.06"]
[SourceVersion "1"]
[SourceVersionDate "2021.10.06"]
[SourceQuality "1"]

1. d4 Nf6 2. Bf4 d5 3. Nf3 e6 4. e3 Bd6 5. Bg3 0-0 6. c3 c5 7. Bd3 Qc7 8. Nbd2 Nbd7 9. Ne5 Nxe5 10. dxe5 Bxe5 11. Nf3 Bd6 12. Nd2 b6 13. Bh4 Be7 14. Bg3 e5 15. Qc2 Bd6 16. Bh4 e4 17. Bxf6 exd3 18. Qxd3 gxf6 19. Qe2 Kh8 20. Qf3 Qe7 21. Qxd5 Bb7 22. Qh5 Rg8 23. 0-0-0 Rg5 24. Qh4 Rag8 25. f3 Rxg2 26. Nc4 Bb8 27. f4 R2g4 28. Qf2 Bxh1 29. Rxh1 b5 30. Nd2 Rg2 31. Qe1 Re8 32. Qf1 Reg8 33. Qxb5 Qxe3 34. Rd1 Bxf4 35. Qd7 Rxd2 36. Rxd2 Qxd2+ 37. Qxd2 Bxd2+ 38. Kxd2 Rg2+ 39. Kd3 Rxb2 40. Kc4 Rxa2 41. Kxc5 Rxh2 42. Kb5 Rc2 43. c4 f5 44. c5 f4 45. c6 Rxc6 0-1

[Event "Wch FIDE Online U16 Girls Europe qual"]
[Site "Tornelo INT"]
[Date "2020.12.07"]
[Round "1"]
[White "Sinitsina, Anastassia"]
[Black "Koc, Azra Ece"]
[Result "1-0"]
[WhiteElo "2121"]
[BlackElo "1734"]
[PlyCount "63"]
[EventDate "2020.12.07"]
[EventType "swiss (rapid)"]
[EventRounds "7"]
[EventCountry "ISS"]
[SourceTitle "EXT 2022"]
[Source "ChessBase"]
[SourceDate "2021.10.06"]
[SourceVersion "1"]
[SourceVersionDate "2021.10.06"]
[SourceQuality "1"]

1. Nf3 d5 2. g3 Nf6 3. Bg2 e6 4. 0-0 Be7 5. c4 0-0 6. b3 c5 7. Bb2 Nc6 8. cxd5 exd5 9. d4 Be6 10. Nc3 cxd4 11. Nb5 a6 12. Nbxd4 Rc8 13. Rc1 h6 14. Qd3 Qb6 15. Rfd1 Rfd8 16. e3 Nd7 17. Nxe6 fxe6 18. Qg6 Bf6 19. Bxf6 Nxf6 20. Bh3 Ne7 21. Qd3 Ne4 22. Nd4 Ng5 23. Bg4 Rxc1 24. Rxc1 Rd6 25. h4 Ne4 26. Kg2 e5 27. Nf5 Nxf5 28. Bxf5 Nc5 29. Qc3 g6 30. Bh3 Ne4 31. Qxe5 Rf6 32. Qxd5+ 1-0

[Event "TUR-chT Clubs"]
[Site "Konya"]
[Date "2019.07.20"]
[Round "8.12"]
[White "Dogan, Sibel"]
[Black "Koc, Azra Ece"]
[Result "0-1"]
[WhiteElo "1596"]
[BlackElo "1527"]
[PlyCount "101"]
[EventDate "2019.07.16"]
[EventType "team-swiss"]
[EventRounds "9"]
[EventCountry "TUR"]
[SourceTitle "CBM 191 Extra"]
[Source "ChessBase"]
[SourceDate "2019.09.30"]
[SourceVersion "1"]
[SourceVersionDate "2019.09.30"]
[SourceQuality "1"]
[WhiteTeam "Busan Genclik"]
[BlackTeam "Yalova Beyaz Fil"]
[WhiteTeamCountry "TUR"]
[BlackTeamCountry "TUR"]

1. e4 c6 2. d4 d5 3. Nc3 dxe4 4. Nxe4 Bf5 5. Ng3 Bg6 6. Nf3 Nd7 7. Bd3 e6 8. Bf4 Ngf6 9. h4 Bxd3 10. Qxd3 Bb4+ 11. c3 Be7 12. 0-0-0 0-0 13. Rde1 b5 14. Ng5 h6 15. Nh5 c5 16. Nxg7 Kxg7 17. Rxe6 hxg5 18. Rxf6 Nxf6 19. hxg5 Rh8 20. gxf6+ Bxf6 21. Qg3+ Kf8 22. Rxh8+ Bxh8 23. Bh6+ Ke8 24. Qg8+ Ke7 25. Qg5+ Bf6 26. Qxc5+ Qd6 27. Qxb5 Rb8 28. Qf5 Qb6 29. b3 Qc6 30. Kb2 Rc8 31. Qd3 Qxg2 32. Qe3+ Kd7 33. Bf4 Bh4 34. Bg3 Bxg3 35. Qxg3 Qxg3 36. fxg3 Rg8 37. c4 Rxg3 38. Kc2 Rg2+ 39. Kd3 Rxa2 40. d5 Ra3 41. Kd4 Rxb3 42. c5 f6 43. Kc4 Rb8 44. Kd4 a5 45. Ke4 a4 46. Kf5 Rb5 47. c6+ Kd6 48. Kxf6 Rxd5 49. c7 Kxc7 50. Ke6 a3 51. Kxd5 0-1

[Event "TUR-chT Clubs"]
[Site "Konya"]
[Date "2019.07.17"]
[Round "3.7"]
[White "Koc, Azra Ece"]
[Black "Bicaklioglu, Dilara"]
[Result "1-0"]
[WhiteElo "1527"]
[BlackElo "1305"]
[PlyCount "112"]
[EventDate "2019.07.16"]
[EventType "team-swiss"]
[EventRounds "9"]
[EventCountry "TUR"]
[SourceTitle "CBM 191 Extra"]
[Source "ChessBase"]
[SourceDate "2019.09.30"]
[SourceVersion "1"]
[SourceVersionDate "2019.09.30"]
[SourceQuality "1"]
[WhiteTeam "Yalova Beyaz Fil"]
[BlackTeam "Akcakoca Esentepe Okulu"]
[WhiteTeamCountry "TUR"]
[BlackTeamCountry "TUR"]

1. d4 d5 2. Bf4 Nf6 3. e3 c5 4. c3 Nc6 5. Nd2 Bf5 6. Qb3 Qc8 7. h3 e6 8. Ngf3 Be7 9. Be2 h6 10. Rc1 c4 11. Qd1 b5 12. Ne5 0-0 13. Ng4 b4 14. Nxf6+ Bxf6 15. e4 Bh7 16. f3 a5 17. Qa4 Qb7 18. h4 Rfc8 19. e5 Be7 20. Nf1 Qb6 21. Be3 Na7 22. g4 Nb5 23. Bd2 bxc3 24. bxc3 Ba3 25. Qd1 Bb2 26. g5 hxg5 27. hxg5 Bxc1 28. Qxc1 Nc7 29. Kf2 Qb1 30. Qa3 Nb5 31. Qe7 Qxa2 32. Rxh7 Kxh7 33. Qxf7 Rc7 34. Qh5+ Kg8 35. g6 Rac8 36. Qh7+ Kf8 37. Qh8+ Ke7 38. Qxg7+ Ke8 39. Qg8+ Kd7 40. Qf7+ Kc6 41. Qxe6+ Kb7 42. Qxd5+ Kb8 43. Qxb5+ Rb7 44. Qd5 a4 45. Qd6+ Ka7 46. d5 a3 47. Be3+ Ka8 48. Qa6+ Kb8 49. Nd2 Qb2 50. e6 a2 51. Bf4+ Rbc7 52. e7 a1Q 53. Bxc7+ Kxc7 54. Qxc8+ Kxc8 55. e8Q+ Kb7 56. Qc6+ Ka7 1-0

[Event "Troya op 26th"]
[Site "Canakkale"]
[Date "2018.08.09"]
[Round "7"]
[White "Erkole, Melih Naci"]
[Black "Koc, Azra Ece"]
[Result "1-0"]
[WhiteElo "1666"]
[BlackElo "1592"]
[PlyCount "53"]
[EventDate "2018.08.06"]
[EventType "swiss"]
[EventRounds "9"]
[EventCountry "TUR"]
[SourceTitle "EXT 2019"]
[Source "ChessBase"]
[SourceDate "2018.10.10"]
[SourceVersion "1"]
[SourceVersionDate "2018.10.10"]
[SourceQuality "1"]

1. e4 c6 2. d4 d5 3. Nc3 dxe4 4. Nxe4 Bf5 5. Ng3 Bg6 6. Nf3 Nd7 7. h4 h6 8. h5 Bh7 9. Bd3 Bxd3 10. Qxd3 Ngf6 11. Bd2 e6 12. 0-0-0 Be7 13. c4 Qc7 14. Bc3 b5 15. b3 a5 16. Kc2 Rb8 17. Nf1 Qb7 18. N1d2 Qa6 19. Ne5 Nxe5 20. dxe5 Nd7 21. Ne4 Rd8 22. Nd6+ Bxd6 23. exd6 Kf8 24. Rh4 Qb6 25. Rf4 e5 26. Rf3 Re8 27. Qf5 1-0

[Event "EU-ch Amateur 1700 (Women)"]
[Site "Niksic"]
[Date "2018.06.21"]
[Round "9"]
[White "Sakotic, Ana"]
[Black "Koc, Azra Ece"]
[Result "0-1"]
[WhiteElo "1676"]
[BlackElo "1508"]
[PlyCount "58"]
[EventDate "2018.06.14"]
[EventType "swiss"]
[EventRounds "9"]
[EventCountry "MNE"]
[SourceTitle "EXT 2019"]
[Source "ChessBase"]
[SourceDate "2018.10.10"]
[SourceVersion "1"]
[SourceVersionDate "2018.10.10"]
[SourceQuality "1"]

1. e4 e5 2. Nf3 Nf6 3. Nxe5 d6 4. Nf3 Nxe4 5. Nc3 Nxc3 6. dxc3 Be7 7. Be3 0-0 8. Qd2 Nc6 9. 0-0-0 Be6 10. Bd3 Ne5 11. Nxe5 dxe5 12. Kb1 c5 13. c4 f5 14. f3 Qc7 15. Bg5 Bxg5 16. Qxg5 Rae8 17. g4 e4 18. fxe4 fxe4 19. Bxe4 Bxc4 20. Bf5 Qe5 21. Qh4 g6 22. Rd7 Rf7 23. Rxf7 Bxf7 24. Rg1 gxf5 25. gxf5+ Kh8 26. f6 Re6 27. Rf1 Qe2 28. Rg1 Bg6 29. h3 Qxc2+ 0-1

[Event "EU-ch Amateur 1700 (Women)"]
[Site "Niksic"]
[Date "2018.06.15"]
[Round "2"]
[White "Koc, Azra Ece"]
[Black "Ivanovic, Tara"]
[Result "1-0"]
[WhiteElo "1508"]
[BlackElo "1062"]
[PlyCount "47"]
[EventDate "2018.06.14"]
[EventType "swiss"]
[EventRounds "9"]
[EventCountry "MNE"]
[SourceTitle "EXT 2019"]
[Source "ChessBase"]
[SourceDate "2018.10.10"]
[SourceVersion "1"]
[SourceVersionDate "2018.10.10"]
[SourceQuality "1"]

1. d4 d5 2. Bf4 c5 3. c3 e6 4. e3 Nc6 5. Nf3 Nf6 6. Nbd2 Be7 7. Bd3 c4 8. Bc2 0-0 9. h4 h6 10. e4 Re8 11. e5 Ng4 12. Nf1 f6 13. g3 fxe5 14. Nxe5 Ngxe5 15. dxe5 Qc7 16. Qh5 Rf8 17. Ne3 Bd7 18. Qg6 Nxe5 19. Bxe5 Qxe5 20. Qh7+ Kf7 21. Bg6+ Kf6 22. 0-0 h5 23. Bxh5 Qf5 24. Nxf5 1-0